Statistics for Don't give up on me - Lyric Quiz

Click here to take the quiz!

General Stats

  • This quiz has been taken 9 times
  • The average score is 207 of 222

Answer Stats

Answer% Correct
always
100%
and
100%
And
100%
blue
100%
breath
100%
Cause
100%
do
100%
don't
100%
down
100%
easily
100%
Even
100%
for
100%
give
100%
givin'
100%
hands
100%
heart
100%
I
100%
I'll
100%
I'm
100%
in
100%
Is
100%
it
100%
It
100%
last
100%
left
100%
Like
100%
lovers
100%
make
100%
me
100%
my
100%
No
100%
no
100%
not
100%
nothin'
100%
on
100%
other
100%
reach
100%
side
100%
So
100%
that
100%
the
100%
there's
100%
to
100%
until
100%
up
100%
wait
100%
when
100%
will
100%
yet
100%
you
100%
believes
83%
black
83%
dark
83%
else
83%
fight
83%
goin'
83%
nobody
83%
out
83%
stay
83%
We'll
83%
with
83%
yours
83%
hold
67%
matter
67%
this
67%
throw
67%
what
67%
Yeah
67%
yeah
67%
interlock
50%
loose
50%
onto
50%
shake
50%
won't
50%
Whoa
17%
whoa
17%
world'll
17%

Score Distribution

Percentile by Number Answered

Percent of People with Each Score

Your Score History

You have not taken this quiz